000 00867cam a2200181 i 4500
005 20251215102319.0
008 250721s1989 iq gr 000 0 ara d
082 1 4 _a216.91
_bم ا و
100 1 _aالماوردي، أبو الحسن علي بن محمد
_d450ه.
_eمؤلف.
245 1 2 _aالأحكام السلطانية و الولايات الدينية :
_bأقباس الأنام في تخريج أحاديث الأحكام /
_cتاليف ابي الحسن علي بن محمد بن حبيب البصري البغدادي الماوري ، الدكتور خالد رشيد الجميلي.
264 3 1 _aبغداد :
_c1989.
300 _a399 صفحه.
650 1 7 _aالفقه الإسلامي.
650 1 7 _aالأحكام السلطانية.
700 1 _aالجميلي، خالد رشيد
_eمؤلف.
942 _2ddc
_cBK
999 _c4564
_d4564